[Event "Buxton e2e4 Major op 06"]
[Site "Buxton"]
[Date "2012.07.01"]
[Round "5"]
[White "Ahmadi, Kamran"]
[Black "Blackburn, Jon E"]
[Result "1/2-1/2"]
[WhiteElo "1790"]
[BlackElo "1774"]
[PlyCount "74"]
[EventDate "2012.06.29"]
[EventType "swiss"]
[EventRounds "5"]
[EventCountry "ENG"]
[SourceTitle "EXT 2014"]
[Source "ChessBase"]
[SourceDate "2013.11.20"]
[SourceVersion "1"]
[SourceVersionDate "2013.11.20"]
[SourceQuality "1"]

1. d4 d5 2. c4 e6 3. Nc3 Nf6 4. Bg5 Be7 5. Nf3 0-0 6. e3 h6 7. Bh4 b6 8. Be2 Bb7 9. 0-0 Nbd7 10. Rc1 c5 11. cxd5 Nxd5 12. Bxe7 Qxe7 13. Nxd5 Bxd5 14. Bc4 Bxc4 15. Rxc4 b5 16. Rc2 c4 17. b3 Nb6 18. Qd2 Qb7 19. Ne5 cxb3 20. axb3 Rac8 21. Rfc1 Rxc2 22. Rxc2 Rc8 23. h3 Rxc2 24. Qxc2 Qc8 25. Qxc8+ Nxc8 26. Nc6 Kf8 27. Kf1 Ke8 28. Ke2 f6 29. Kd3 Kd7 30. Nb8+ Kd6 31. Na6 Nb6 32. e4 Nd7 33. b4 Nb6 34. Nc5 Nc4 35. h4 h5 36. Nb3 Nb2+ 37. Kc2 Nc4 1/2-1/2

[Event "Buxton e2e4 Major op 06"]
[Site "Buxton"]
[Date "2012.07.01"]
[Round "4"]
[White "Camp, Imogen AL"]
[Black "Ahmadi, Kamran"]
[Result "0-1"]
[WhiteElo "1438"]
[BlackElo "1790"]
[PlyCount "80"]
[EventDate "2012.06.29"]
[EventType "swiss"]
[EventRounds "5"]
[EventCountry "ENG"]
[SourceTitle "EXT 2014"]
[Source "ChessBase"]
[SourceDate "2013.11.20"]
[SourceVersion "1"]
[SourceVersionDate "2013.11.20"]
[SourceQuality "1"]

1. d4 d5 2. Bf4 Nf6 3. Nf3 Bf5 4. e3 e6 5. Bd3 Bxd3 6. Qxd3 Nbd7 7. c3 Be7 8. Nbd2 Nh5 9. Bg3 c6 10. Ne5 Nxg3 11. hxg3 Nxe5 12. dxe5 h6 13. b4 Qc7 14. f4 a5 15. b5 c5 16. a4 c4 17. Qe2 b6 18. Qf3 0-0-0 19. Rd1 Rd7 20. Kf2 Bc5 21. Ke2 Kb8 22. Qg4 Rg8 23. Rxh6 g6 24. Rdh1 Rgd8 25. Rh8 Ba3 26. Nb1 Bc5 27. Qg5 Rxh8 28. Rxh8+ Ka7 29. Rh7 Qb7 30. Kf2 Be7 31. Qg4 Bc5 32. Qg5 Qc7 33. Qf6 Bf8 34. Qh8 Bc5 35. Qf6 Qb7 36. Qg5 Bxe3+ 37. Kxe3 d4+ 38. cxd4 Qxg2 39. Qg4 Qg1+ 40. Kf3 Qd1+ 0-1